[Event "Ch Poland"]
[Site "masterchessopen.com Lublin (Poland)"]
[Date "2008.02.29"]
[Round "5"]
[White "Gajewski Grzegorz (POL)"]
[Black "Moranda Wojciech (POL)"]
[Result "1-0"]
[WhiteElo "2577"]
[BlackElo "2536"]

{ } 1.d4 Nf6 2.c4 e6 3.Nc3 Bb4 4.Qc2 d5 5.a3 Bxc3+ 6.Qxc3 Nc6 { = } 7.e3 (
7.Nf3 Ne4 8.Qb3 O-O 9.e3 b6 10.Qc2 Bb7 11.cxd5 exd5 12.b4 Ne7 13.Be2 Nf5
14.O-O Re8 15.a4 Rc8 16.Bb2 Re6 17.Ra3 Rc6 18.Qd3 Rh6 19.a5 b5 20.a6 Bc6
21.Ne5 Be8 22.Bg4 Nh4 23.f3 Nd6 24.e4 Rb8 25.Bc1 dxe4 26.fxe4 Rf6 { ...1-0,
Hansen Curt 2610 - Borriss Martin 2434 , Germany 2002 Bundesliga 2001/02 } )
7...e5 8.Nf3 ( 8.dxe5 d4 9.Qd3 Ng4 10.Nf3 dxe3 11.Qxd8+ Kxd8 12.fxe3 Ke7
13.Bd2 Rd8 14.Be2 Ngxe5 15.Nxe5 Nxe5 16.Bc3 f6 17.Bxe5 fxe5 18.Rd1 Be6 19.Kf2
Rxd1 20.Rxd1 Rd8 21.Rxd8 Kxd8 22.c5 b6 23.b4 h6 24.e4 bxc5 25.bxc5 Ke7 26.Bb5
Bb3 27.Bc6 g5 { ...1/2-1/2, Yudasin Leonid 2470 - Khalifman Alexander 2490 ,
Minsk 1985 Ch URS (1 liga) } ) 8...Ne4 ( 8...exd4 9.Nxd4 Nxd4 ( 9...Ne5 {
-0.11 CAP } ) 10.Qxd4 Be6 11.cxd5 Qxd5 12.Qxd5 Bxd5 13.f3 O-O-O 14.b4 Rhe8
15.Kf2 Bb3 16.e4 Nd7 17.Bf4 Ne5 18.Rc1 Re7 19.Rc3 Ba4 20.b5 Rd1 21.g3 Kb8
22.Rg1 Rb1 23.Be2 Rb2 24.Bc1 Ra2 25.Ke3 f5 26.h3 Nd7 27.Bd3 b6 28.Kf4 {
...1-0, Grigore George-Gabriel 2526 - Parligras Mircea 2377 , Iasi 1999 Ch
Romania } ) 9.Qb3 { N } ( 9.Qc2 Bf5 10.Bd3 ( 10.Qb3 Na5 11.Qa4+ c6 12.cxd5
Qxd5 13.Nxe5 Nd6 14.f3 Nb3 15.e4 Bxe4 16.Bc4 Nxc4 17.Qxb3 Nxe5 18.Qxd5 Nd3+
19.Kd2 cxd5 20.fxe4 dxe4 21.Ke3 f5 22.Rf1 O-O 23.g4 g6 24.gxf5 gxf5 25.Rg1+
Kf7 26.Bd2 Rae8 27.d5 Re5 28.Bc3 f4+ { ...0-1, Florian Tibor - Szabo Laszlo
1903 , Budapest 1950 Ch Hungary } ) 10...exd4 11.O-O Bg6 12.exd4 O-O 13.b4 Re8
14.c5 a6 15.Bb2 Ng5 16.Ne5 Bxd3 17.Qxd3 Qf6 18.Rae1 Rad8 19.Qd1 Nxe5 20.dxe5
Qf5 21.f4 Ne4 22.Bd4 Re6 23.Re3 Rg6 24.Qe1 Rc8 25.Qe2 h5 26.Kh1 Ra8 27.Rd3 b6
28.Be3 b5 { ...0-1, Lautier Joel 2645 - Timman Jan H 2635 , Moscow 1994
Olympiad } ) 9...dxc4 { +0.60 CAP } 10.Bxc4 Qe7 11.Bd5 exd4 12.Qc2 d3 13.Bxc6+
Kf8 14.Qxd3 bxc6 15.O-O a5 16.Qc2 c5 17.b3 Bb7 18.Bb2 Bd5 { ?! } ( 18...a4 {
!? } 19.Rfd1 Nd6 20.b4 cxb4 21.axb4 Be4 22.Qc3 f6 { } ) 19.Rad1 c6 20.Ne5 f6
21.f3 Nd6 22.e4 Bxb3 23.Qxb3 fxe5 24.f4 exf4 25.Rxf4+ Ke8 26.Bxg7 Qxg7 27.Rxd6
Qa1+ 28.Rf1 { } {#r} 1-0

[Event "Bundesliga 2007/08"]
[Site "masterchessopen.com Germany"]
[Date "2008.03.08"]
[Round "10"]
[White "Gonda Laszlo (HUN)"]
[Black "Rozentalis Eduardas (LTU)"]
[Result "0-1"]
[WhiteElo "2507"]
[BlackElo "2577"]

1.d4 Nf6 2.c4 e6 3.Nc3 Bb4 4.Qc2 d5 5.a3 Bxc3+ 6.Qxc3 dxc4 7.Qxc4 b6 8.Nf3 Ba6
9.Qa4+ Qd7 10.Qxd7+ Nbxd7 11.Bg5 Ne4 12.Bh4 c5 13.e3 Bxf1 14.Rxf1 f6 15.Ke2 g5
16.Bg3 h5 17.h4 Nxg3+ 18.fxg3 gxh4 19.gxh4 Rg8 20.Rf2 Ke7 21.Rc1 Rac8 22.Kd3
b5 23.Rc3 c4+ 24.Ke2 Rg4 25.Nd2 Rxh4 26.a4 a6 27.b3 Nb6 28.bxc4 Nxc4 29.axb5
axb5 30.Nxc4 bxc4 31.Kf3 Rg4 32.Rfc2 Rcg8 33.Rxc4 Rg3+ 34.Ke4 f5+ 35.Kd3 Rxg2
36.Rc7+ Kf6 37.R2c6 Ra8 38.d5 Ra3+ 39.Kc4 Rg4+ 40.Kb5 Rxe3 41.Rh7 Re5 42.Rh6+
Rg6 43.Rxg6+ Kxg6 44.Kc4 Kf6 {#R} 0-1

[Event "It \"]
[Site "masterchessopen.com Nice (France)"]
[Date "2008.03.16"]
[Round "2"]
[White "Van Wely Loek (NED)"]
[Black "Carlsen Magnus (NOR)"]
[Result "0-1"]
[WhiteElo "2618"]
[BlackElo "2786"]

{ Carlsen Magnus (NOR) +0 =1 -0 } 1.d4 Nf6 2.c4 e6 3.Nc3 Bb4 4.Qc2 d5 5.a3
Bxc3+ 6.Qxc3 { = } 6...c5 ( 6...Ne4 7.Qc2 Nc6 8.e3 e5 9.cxd5 Qxd5 10.Bc4 Qa5+
11.b4 Nxb4 12.Qxe4 Nc2+ 13.Ke2 Qe1+ 14.Kf3 Nxa1 15.Bb2 O-O 16.Kg3 h6 17.h4 Re8
18.Kh2 Qxf2 19.Bxa1 Bf5 20.Qxb7 exd4 21.Nf3 Be4 22.Qxc7 Bxf3 23.Qxf7+ Kh8
24.Qxf3 Qxh4+ 25.Kg1 Qe1+ 26.Bf1 { ...1/2-1/2, Kasparov Garry 2813 - Adams
Michael 2740 , Izmir 7.10.2004 Cup European Club } ) ( 6...Nc6 7.Bg5 dxc4 8.e3
h6 9.Bxf6 Qxf6 10.Nf3 O-O 11.Bxc4 Re8 12.Rd1 a6 13.O-O Bd7 14.Rd2 Qe7 15.Ba2
Qd6 16.Rc1 Rac8 17.Bb1 Ne7 18.Ne5 Nd5 19.Qb3 Bb5 20.Qc2 Nf6 21.h3 Red8 22.Ng4
Qe7 23.Nxf6+ Qxf6 24.Qh7+ Kf8 25.Rdc2 Bc6 26.Rc5 { ...1/2-1/2, Gurevich
Mikhail 2652 - Parligras Mircea 2577 , Warsaw 28. 6.2005 Ch Europe } ) (
6...dxc4 7.Qxc4 b6 8.Nf3 Ba6 9.Qc2 Nbd7 10.Bg5 O-O 11.e4 Bxf1 12.Rxf1 h6
13.Bxf6 Nxf6 14.O-O-O Rc8 15.Kb1 Qe7 16.Rfe1 Rfd8 17.Ne5 c5 18.d5 exd5 19.exd5
Qc7 20.Nc6 Rd7 21.Ne7+ Rxe7 22.d6 Qxd6 23.Rxd6 Rxe1+ 24.Rd1 Re7 25.f3 Rce8
26.Rd2 { ...0-1, Kramnik Vladimir 2780 - Kasparov Garry 2815 , Moscow 1998
Match (blitz) } ) 7.dxc5 d4 8.Qg3 Nc6 9.b4 ( 9.Nf3 e5 10.Nxe5 Qa5+ 11.Kd1 Nxe5
12.Qxe5+ Be6 13.Bd2 Qa4+ 14.Ke1 Rd8 15.c6 Qxc6 16.Qb5 Bxc4 17.Qxc6+ bxc6
18.Rc1 Bb5 19.Bb4 Kd7 20.Bc5 Ke6 21.f3 a5 22.Kf2 Rd5 23.e4 dxe3+ 24.Bxe3 Bxf1
25.Rhxf1 Kd7 26.Rc2 Rb8 27.Rfc1 Rd3 28.Ke2 Rd6 { ...1/2-1/2, Carlsen Magnus
2714 - Naiditsch Arkadij 2647 , Khanty Mansyisk 27.11.2007 Cup World } ) (
9.Qxg7 Rg8 10.Qh6 Na5 11.b4 Nxc4 12.Nf3 a5 13.Nd2 Ne5 14.Bb2 axb4 15.axb4
Rxa1+ 16.Bxa1 Nc6 17.Nc4 Nxb4 18.Qd2 Nc6 19.Nd6+ Ke7 20.e3 Bd7 21.exd4 Qa8
22.Bb2 Qa2 23.f3 Qb1+ 24.Kf2 Ra8 25.Rg1 Ra2 26.Nc4 Na5 27.Bd3 Nxc4 28.Bxb1
Rxb2 { ...1/2-1/2, Jaeger Frode Bull 2121 - Brodsky Michail 2597 , Tromsoe 9.
8.2007 It (open) "Arctic Chess Challenge" } ) 9...e5 ( 9...O-O 10.Bg5 e5
11.Nf3 e4 12.Ne5 Nxe5 13.Qxe5 a5 14.b5 Be6 15.Rd1 Nd7 16.Qg3 f6 17.Bh6 Qe7
18.Rxd4 Nxc5 19.Bf4 Qf7 20.Bd6 Rfc8 21.e3 Nb3 22.c5 Nxd4 23.exd4 Bc4 24.Qc3
Bxf1 25.Rxf1 Qa2 26.b6 Qb1+ 27.Ke2 Qb5+ 28.Ke1 Qb1+ 29.Ke2 { ...0-1, El Gindy
Essam 2502 - Sax Gyula 2525 , Cairo 1998 It (sheveningen) } ) 10.e4 O-O (
10...dxe3 11.Bxe3 O-O 12.Rd1 Qe7 13.Nf3 Bg4 14.Be2 a5 15.b5 Bxf3 16.Bxf3 Nd4
17.O-O Ne4 18.Qh3 Nxf3+ 19.Qxf3 Nxc5 20.Rd5 Na4 21.Qf5 Qxa3 22.Qxe5 Rfe8
23.Qc7 b6 24.Rd7 Rac8 25.Qb7 Qf8 26.Rc1 Rxe3 27.fxe3 Nc5 28.Qd5 Qe8 29.Rd1
Qxe3+ 30.Kh1 { ...1/2-1/2, Gurevich Mikhail 2648 - Azarov Sergei 2566 ,
Istanbul 5. 9.2006 It (open) } ) 11.Bd3 b6 12.Nf3 bxc5 { N } ( 12...Nh5 13.Qg5
Qxg5 14.Bxg5 bxc5 15.b5 Na5 16.Bd2 Nb3 17.Rb1 Nxd2 18.Nxd2 a6 19.g3 axb5
20.cxb5 Rxa3 21.Ke2 Bb7 22.Rhc1 Rc8 23.Nc4 Ra2+ 24.Ke1 Rd8 25.Nxe5 Nf6 26.Bc4
d3 27.Nxd3 Raa8 28.f3 Nd7 29.Bb3 Rdc8 30.Rc3 Kf8 31.Rbc1 Ra3 32.Nb2 { ...1-0,
Carlsen Magnus 2714 - Naiditsch Arkadij 2647 , Khanty Mansyisk 29.11.2007 Cup
World (active) } ) 13.b5 Nh5 14.Qg5 Qxg5 15.Bxg5 Na5 16.Rb1 { +0.04 CAP }
16...f6 17.Bd2 Nb7 18.h3 g5 19.Ke2 Nd6 20.g4 Ng7 21.a4 { ?! } ( 21.Rbe1 { !? }
21...Be6 22.Rc1 h5 23.Rhg1 Kf7 24.Ba5 hxg4 { } ) 21...Bb7 22.h4 Nxe4 23.hxg5
Nc3+ 24.Bxc3 e4 25.Bxe4 { ? } ( 25.Bc2 dxc3 26.Ke3 exf3 27.Bxh7+ Kf7 28.g6+
Ke6 29.Kd3 f5 30.gxf5+ Kf6 31.Kxc3 Nxf5 32.a5 { } ) 25...Bxe4 26.Bd2 Rae8 { }
{#R} 0-1

[Event "It (cat.5) (juniors)"]
[Site "masterchessopen.com Bucharest (Romania)"]
[Date "2008.03.18"]
[Round "5"]
[White "Miron Lucian-Costin (ROM)"]
[Black "Barnaure Vlad-Victor (ROM)"]
[Result "0-1"]
[WhiteElo "2437"]
[BlackElo "2498"]

1.d4 Nf6 2.c4 e6 3.Nc3 Bb4 4.Qc2 d5 5.a3 Bxc3+ 6.Qxc3 dxc4 7.Qxc4 b6 8.Nf3 Ba6
9.Qa4+ Qd7 10.Qc2 O-O 11.g3 Bb7 12.Bg2 Be4 13.Qc3 Nc6 14.O-O Bxf3 15.Qxf3 Nxd4
16.Qd3 Rad8 17.Bg5 Qe7 18.Qa6 c5 19.e3 Nb3 20.Rad1 h6 21.Bxf6 Qxf6 22.Qe2 c4
23.a4 Qe5 24.Rfe1 Qc5 25.Bf1 Na5 26.Qc2 Qb4 27.Rxd8 Rxd8 28.Rd1 Rxd1 29.Qxd1
Qxb2 30.Bxc4 Nxc4 31.Qd8+ Kh7 32.Qd3+ f5 {#R} 0-1

[Event "Ch Berlin"]
[Site "masterchessopen.com Berlin (Germany)"]
[Date "2008.03.22"]
[Round "1"]
[White "Figura Atila Gajo (GER)"]
[Black "Gebigke Martin (GER)"]
[Result "1-0"]
[WhiteElo "2412"]
[BlackElo "2165"]

1.d4 Nf6 2.c4 e6 3.Nc3 Bb4 4.Qc2 d5 5.a3 Bxc3+ 6.Qxc3 Nbd7 7.Bg5 c6 8.e3 Ne4
9.Bxd8 Nxc3 10.Bh4 Ne4 11.Bd3 Nef6 12.Nf3 O-O 13.Ke2 Re8 14.Rhd1 dxc4 15.Bxc4
Nd5 16.e4 Nf4+ 17.Kf1 b5 18.Ba2 c5 19.Bg3 Nh5 20.Bd6 c4 21.a4 a6 22.a5 Bb7
23.Nd2 Rac8 24.Bb1 Nhf6 25.Ra3 e5 26.d5 Nc5 27.Re3 Na4 28.b3 cxb3 29.Rxb3 Nc3
30.Re1 Nxb1 31.Rbxb1 Rc2 32.Nb3 Nd7 33.Rec1 Rec8 34.f3 Rxc1+ 35.Rxc1 Rxc1+
36.Nxc1 f6 37.Nd3 Kf7 38.Ke2 Bc8 39.g3 Bb7 40.Ke3 Bc8 41.f4 exf4+ 42.gxf4 g5
43.fxg5 fxg5 44.e5 Kg6 45.Be7 Kf5 46.Kd4 Bb7 47.e6 Nf6 48.Bxf6 Kxf6 49.Nc5 Bc8
50.Ne4+ {#r} 1-0

[Event "It \"]
[Site "masterchessopen.com Valby (Denmark)"]
[Date "2008.04.05"]
[Round "10"]
[White "Vaznonis Vytautas (LTU)"]
[Black "Thorfinnsson Bragi (ISL)"]
[Result "1-0"]
[WhiteElo "2386"]
[BlackElo "2383"]

1.d4 Nf6 2.c4 e6 3.Nc3 Bb4 4.Qc2 d5 5.a3 Bxc3+ 6.Qxc3 c5 7.dxc5 d4 8.Qc2 e5
9.e4 Nc6 10.b4 a5 11.Rb1 axb4 12.axb4 O-O 13.Bd3 Qe7 14.Bd2 Nh5 15.Ne2 f5
16.exf5 Nf4 17.Bxf4 exf4 18.O-O f3 19.Ng3 fxg2 20.Rfe1 Qc7 21.Qd2 Ra3 22.Be4
Ne5 23.Qxd4 Bxf5 24.Qd5+ Kh8 25.Nxf5 Ng4 26.Qd6 Qf7 27.Qe7 {#r} 1-0

[Event "Ch Europe"]
[Site "masterchessopen.com Plovdiv (Bulgaria)"]
[Date "2008.04.24"]
[Round "4"]
[White "Iljin Artem (RUS)"]
[Black "Willemze Thomas (NED)"]
[Result "1-0"]
[WhiteElo "2572"]
[BlackElo "2417"]

1.d4 Nf6 2.c4 e6 3.Nc3 Bb4 4.Qc2 d5 5.a3 Bxc3+ 6.Qxc3 c5 7.dxc5 d4 8.Qg3 Nc6
9.Nf3 O-O 10.Bh6 Ne8 11.O-O-O e5 12.e3 Kh8 13.exd4 e4 14.Bg5 f6 15.Bf4 exf3
16.Qxf3 Bf5 17.g4 Bg6 18.d5 Nb8 19.h4 h6 20.Qe3 Na6 21.b4 Nec7 22.d6 Ne6 23.h5
Bh7 24.Qxe6 Re8 25.Qf7 Nxc5 26.Qc7 Qxc7 27.dxc7 Be4 28.Rh3 Ne6 29.Bh2 f5
30.gxf5 Bxf5 31.Re3 Bg4 32.Rde1 Rac8 33.Bg2 Re7 34.Bxb7 {#r} 1-0

[Event "Ch Germany (juniors) (under 16) (g)"]
[Site "masterchessopen.com Willingen (Germany)"]
[Date "2008.05.11"]
[Round "2"]
[White "Bluebaum Johanna (GER)"]
[Black "Nguyen Minh Thuy (GER)"]
[Result "0-1"]
[WhiteElo "1902"]
[BlackElo "1867"]

1.d4 Nf6 2.c4 e6 3.Nc3 Bb4 4.Qc2 d5 5.a3 Bxc3+ 6.Qxc3 O-O 7.Bg5 Nbd7 8.e3 c6
9.Bd3 dxc4 10.Qxc4 Qa5+ 11.Qc3 Qxg5 12.O-O-O Qxg2 13.f3 Nd5 14.Qe1 Qg5 15.f4
Qe7 16.Nf3 c5 17.h4 f5 18.Kb1 a6 19.Qe2 b5 20.Rdg1 Kh8 21.h5 c4 22.Bc2 c3
23.Nh4 Rf6 24.Ng6+ Rxg6 25.hxg6 h6 26.Rh3 cxb2 27.Qh2 Kg8 28.Kxb2 b4 29.Rxh6
bxa3+ 30.Ka1 gxh6 31.g7 Qb4 32.Rb1 Qc3+ 33.Ka2 Nb4+ 34.Rxb4 Qxb4 35.Bb3 Nc5
36.dxc5 Rb8 37.Qc2 Qxb3+ {#R} 0-1

[Event "Cup Mayors (open)"]
[Site "masterchessopen.com Mumbai (India)"]
[Date "2008.05.18"]
[Round "10"]
[White "Sujendra P"]
[Black "Prasanna Rao (IND)"]
[Result "0-1"]
[WhiteElo "2127"]
[BlackElo "2311"]

1.d4 Nf6 2.c4 e6 3.Nc3 Bb4 4.Qc2 d5 5.a3 Bxc3+ 6.bxc3 c5 7.Nf3 O-O 8.e3 Nbd7
9.Bd3 dxc4 10.Bxc4 b6 11.O-O Bb7 12.Qe2 Qc7 13.Bd3 e5 14.Nh4 Rac8 15.Bb2 Rfe8
16.Rac1 Qc6 17.f3 c4 18.Bb1 Nd5 19.Qf2 exd4 20.exd4 N7f6 21.Rce1 g6 22.Be4 Qd7
23.Qc2 Re6 24.Bc1 Rce8 25.g3 Nc7 26.Bf4 Nxe4 27.fxe4 Bxe4 28.Qd2 Bd3 29.Rxe6
Nxe6 30.Re1 Nxf4 31.Rxe8+ Qxe8 32.Qxf4 Qe1+ 33.Kg2 Qe2+ 34.Kg1 Qe1+ 35.Kg2 h5
36.Qb8+ Kh7 37.Qf4 Be4+ 38.Kh3 Bd5 39.Qf6 Qe2 40.Qf4 Be6+ 41.g4 hxg4+ 42.Kg3
Qe1+ 43.Qf2 Qxc3+ 44.Kf4 Qxa3 45.Ke5 Qe7 46.d5 Qg5+ 47.Kd6 Qxd5+ 48.Ke7 Qc5+
49.Qxc5 bxc5 {#R} 0-1

[Event "Memorial R.Nezhmetdinov (open)"]
[Site "masterchessopen.com Kazan (Russia)"]
[Date "2008.06.03"]
[Round "2"]
[White "Rychagov Andrey (RUS)"]
[Black "Naumov Danila (RUS)"]
[Result "1-0"]
[WhiteElo "2515"]
[BlackElo "2048"]

1.d4 Nf6 2.c4 e6 3.Nc3 Bb4 4.Qc2 d5 5.a3 Bxc3+ 6.Qxc3 b6 7.cxd5 Nxd5 8.Qc2 Bb7
9.Nf3 Nf6 10.Bf4 Nbd7 11.Bxc7 Rc8 12.Rc1 Qe7 13.Qd1 O-O 14.e3 Bxf3 15.gxf3 e5
16.Ba6 Rce8 17.O-O Nd5 18.dxe5 Nxc7 19.Rxc7 Qg5+ 20.Kh1 Nc5 21.f4 Qh4 22.Bb5
Re6 23.Rc6 Ne4 24.Rxe6 fxe6 25.Qc2 a6 26.Bc4 Nc5 27.b4 Qh3 28.Be2 Rf5 29.Rg1
{#r} 1-0

[Event "Memorial R.Nezhmetdinov (open)"]
[Site "masterchessopen.com Kazan (Russia)"]
[Date "2008.06.07"]
[Round "7"]
[White "Dimukhametov Artur (RUS)"]
[Black "Zlachevskiy Leonid (RUS)"]
[Result "1-0"]
[WhiteElo "2285"]
[BlackElo "2139"]

1.d4 Nf6 2.c4 e6 3.Nc3 Bb4 4.Qc2 d5 5.a3 Bxc3+ 6.Qxc3 O-O 7.Bg5 Nbd7 8.e3 b6
9.Nf3 Bb7 10.Be2 c5 11.dxc5 Rc8 12.cxb6 Qxb6 13.O-O dxc4 14.Rad1 Ne4 15.Qc2
Ndf6 16.Bxf6 Nxf6 17.Rd4 Rc5 18.Nd2 c3 19.b4 Rcc8 20.Nc4 Qc7 21.Nd6 e5 22.Rdd1
Rb8 23.Bc4 Ba8 24.Qxc3 Rb6 25.Nxf7 Bd5 26.Nxe5 Bxc4 27.Qxc4+ Qxc4 28.Nxc4 Rc6
29.Rd4 Rfc8 30.Nd6 Rd8 31.Nb5 {#r} 1-0

[Event "It (open) \"]
[Site "masterchessopen.com Koszalin (Poland)"]
[Date "2008.06.07"]
[Round "1"]
[White "Shishkin Vadim (UKR)"]
[Black "Rudnicki Milosz (POL)"]
[Result "1-0"]
[WhiteElo "2502"]
[BlackElo "2232"]

1.d4 Nf6 2.c4 e6 3.Nc3 Bb4 4.Qc2 d5 5.a3 Bxc3+ 6.Qxc3 b6 7.Nf3 Bb7 8.Bg5 h6
9.Bh4 Nbd7 10.e3 O-O 11.cxd5 Bxd5 12.Rd1 Qc8 13.Be2 Ne4 14.Qd3 Qb7 15.O-O c5
16.Ne1 cxd4 17.Qxd4 Nd6 18.Bf3 Nf5 19.Bxd5 exd5 20.Qxd5 Qxd5 21.Rxd5 Nxh4
22.Rxd7 Rfd8 23.Rxd8+ Rxd8 24.g3 Nf5 25.Nf3 Rd3 26.Rc1 Nd6 27.Kf1 b5 28.Rc2
Nc4 29.Nd4 Rd1+ 30.Ke2 Rb1 31.Nxb5 Nxb2 32.Nc3 {#r} 1-0

[Event "It (open)"]
[Site "masterchessopen.com Pula (Croatia)"]
[Date "2008.06.21"]
[Round "1"]
[White "Vavrak Peter (SVK)"]
[Black "Steinhart Christoph (GER)"]
[Result "1-0"]
[WhiteElo "2478"]
[BlackElo "2027"]

1.d4 Nf6 2.c4 e6 3.Nc3 Bb4 4.Qc2 d5 5.a3 Bxc3+ 6.Qxc3 b6 7.Nf3 Ba6 8.cxd5 exd5
9.Bf4 O-O 10.Qxc7 Qxc7 11.Bxc7 Nc6 12.Bf4 Rac8 13.Bd2 Ne4 14.e3 Bxf1 15.Rxf1
Nxd2 16.Kxd2 Na5 17.Kd3 Nb3 18.Rab1 Rc4 19.Nd2 Nxd2 20.Kxd2 Rfc8 21.Rfc1 Kf8
22.b3 R4c7 23.Rxc7 Rxc7 24.Rc1 Rb7 25.g4 Ke7 26.Rc8 h6 27.h4 b5 28.Kc3 a5
29.Ra8 b4+ 30.Kb2 bxa3+ 31.Kxa3 Rb5 32.Rg8 Kf6 33.Rc8 Ke6 34.Rc6+ Kd7 35.Rc5
Rxc5 36.dxc5 Kc6 37.Ka4 g5 38.hxg5 {#r} 1-0

[Event "It (open)"]
[Site "masterchessopen.com Benasque (Spain)"]
[Date "2008.07.04"]
[Round "2"]
[White "Rodshtein Maxim (ISR)"]
[Black "Angulo Martinez Jon (ESP)"]
[Result "1-0"]
[WhiteElo "2609"]
[BlackElo "2191"]

1.d4 Nf6 2.c4 e6 3.Nc3 Bb4 4.Qc2 d5 5.a3 Bxc3+ 6.Qxc3 Nbd7 7.cxd5 exd5 8.Bf4
c6 9.Qe3+ Qe7 10.Qxe7+ Kxe7 11.f3 Nf8 12.e3 Ng6 13.Bg3 Bf5 14.Kd2 Rhe8 15.Ne2
h5 16.Bf2 Nf8 17.h3 Ne6 18.g4 hxg4 19.hxg4 Bg6 20.Nf4 Rh8 21.Bh4 Kd7 22.Be2
Rag8 23.b4 a6 24.a4 Ra8 25.Nxg6 fxg6 26.Bd3 g5 27.Bg3 Rh6 28.Be5 Ke7 29.Rxh6
gxh6 30.Rh1 Rh8 31.b5 axb5 32.axb5 c5 33.Ra1 c4 34.Ra7 Nd8 35.Bf5 h5 36.gxh5
Rxh5 37.Ra8 Rh8 38.Rc8 {#r} 1-0

[Event "It (open)"]
[Site "masterchessopen.com Benasque (Spain)"]
[Date "2008.07.06"]
[Round "4"]
[White "Rodshtein Maxim (ISR)"]
[Black "Rotstein Arkadij (GER)"]
[Result "1-0"]
[WhiteElo "2609"]
[BlackElo "2496"]

1.d4 Nf6 2.c4 e6 3.Nc3 Bb4 4.Qc2 d5 5.a3 Bxc3+ 6.Qxc3 dxc4 7.Qxc4 b6 8.Nf3 O-O
9.Bg5 Ba6 10.Qc2 Nbd7 11.Rd1 Qc8 12.Rc1 h6 13.Bxf6 Nxf6 14.e3 Bxf1 15.Kxf1 c5
16.Ke2 Qa6+ 17.Qc4 Qb7 18.dxc5 bxc5 19.Rc2 Rfd8 20.Rd1 Ne4 21.Rxd8+ Rxd8
22.Ne1 Nd6 23.Qa4 Ne4 24.f3 Nf6 25.Nd3 Qb8 26.Qf4 Qb5 27.Qc4 Qd7 28.e4 Qc7
29.g3 Qd7 30.Rc3 h5 31.Qxc5 h4 32.gxh4 g6 33.Kd2 Nh5 34.Qc7 Qd4 35.Kc2 Rd7
36.Qe5 Qa4+ 37.b3 Qa6 38.Rc4 Rd8 39.Qc7 Rf8 40.Nc5 Qb5 41.a4 Qb8 42.Nd7 {#r}
1-0

[Event "It (open) \"]
[Site "masterchessopen.com Minsk (Belarus)"]
[Date "2008.07.15"]
[Round "6"]
[White "Kochetkov German (BLR)"]
[Black "Maiorov Nikita (BLR)"]
[Result "0-1"]
[WhiteElo "2374"]
[BlackElo "2530"]

1.d4 Nf6 2.c4 e6 3.Nc3 Bb4 4.Qc2 d5 5.a3 Bxc3+ 6.Qxc3 c5 7.Nf3 cxd4 8.Nxd4 e5
9.Nf3 d4 10.Qc2 Nc6 11.e4 O-O 12.Bd3 Bg4 13.Nd2 a5 14.b3 Nd7 15.O-O Nc5 16.Bb2
Qg5 17.Kh1 Rad8 18.Rae1 Rd6 19.f3 Bc8 20.Bc1 Qh5 21.Rf2 Qh4 22.Kg1 Qd8 23.f4
exf4 24.e5 Nxd3 25.Qxd3 Re6 26.Nf3 f6 27.exf6 Qxf6 28.Rxe6 Bxe6 29.Qe4 Bg4
30.Qd5+ Be6 31.Qe4 a4 32.Ng5 Bf5 33.Qd5+ Kh8 34.Bxf4 axb3 35.Bc1 b2 {#R} 0-1

[Event "It (active)"]
[Site "masterchessopen.com Pardubice (Czech Republic)"]
[Date "2008.07.17"]
[Round "5"]
[White "Gajewski Grzegorz (POL)"]
[Black "Laznicka Viktor (CZE)"]
[Result "0-1"]
[WhiteElo "2577"]
[BlackElo "2591"]

1.d4 Nf6 2.c4 e6 3.Nc3 Bb4 4.Qc2 d5 5.a3 Bxc3+ 6.Qxc3 c5 7.dxc5 d4 8.Qg3 O-O
9.Bg5 Nbd7 10.e3 Nxc5 11.Rd1 e5 12.b4 Nce4 13.Qxe5 Nxg5 14.Qxg5 Qe8 15.Rxd4
Qa4 16.Qa5 Qc2 17.b5 Ne4 18.Ne2 b6 19.Qb4 a5 20.bxa6 Rxa6 21.f3 Nc5 22.Nc3 Nb3
23.Nd5 Nxd4 24.Ne7+ Kh8 25.Ng6+ hxg6 26.Qxf8+ Kh7 27.Qxc8 Qc1+ 28.Kf2 Qd2+
29.Kg3 Nf5+ 30.Kh3 Rxa3 31.Qc7 Qxe3 32.Kg4 Qf2 33.h4 Rd3 34.Qh2 Rd4+ 35.f4
Ne3+ 36.Kh3 Nxf1 {#R} 0-1

[Event "It (open) \"]
[Site "masterchessopen.com Tromsoe (Norway)"]
[Date "2008.08.02"]
[Round "3"]
[White "Lahlum Ida (NOR)"]
[Black "Reynolds D Ian W (ENG)"]
[Result "0-1"]
[WhiteElo "1828"]
[BlackElo "2111"]

1.d4 Nf6 2.c4 e6 3.Nc3 Bb4 4.Qc2 d5 5.a3 Bxc3+ 6.Qxc3 dxc4 7.Qxc4 b6 8.e3 O-O
9.b4 Bb7 10.Nf3 Nbd7 11.Bd3 Rc8 12.Qb3 Bd5 13.Qd1 c5 14.bxc5 bxc5 15.dxc5 Nxc5
16.Be2 Nb3 17.Rb1 Qa5+ 18.Bd2 Nxd2 19.Qxd2 Qxd2+ 20.Nxd2 Bxg2 21.Rg1 Bd5 22.f3
g6 23.e4 Ba8 24.Kf2 Kg7 25.Nc4 Rfd8 26.Rgd1 Ne8 27.Ne5 Nd6 28.Ba6 Rc2+ 29.Kg3
Rc3 30.a4 Nxe4+ 31.Kf4 g5+ 32.Kg4 Nf2+ {#R} 0-1

[Event "It (open)"]
[Site "masterchessopen.com Miercurea Ciuc (Romania)"]
[Date "2008.08.20"]
[Round "4"]
[White "Fugulyan Grigore (ROM)"]
[Black "Todoran M"]
[Result "1-0"]
[WhiteElo "1978"]
[BlackElo "1821"]

1.d4 Nf6 2.c4 e6 3.Nc3 Bb4 4.Qc2 d5 5.a3 Bxc3+ 6.bxc3 Ne4 7.e3 O-O 8.Bd3 f5
9.Ne2 b6 10.cxd5 exd5 11.c4 c6 12.O-O a5 13.cxd5 cxd5 14.Nf4 Kh8 15.Qb3 Nf6
16.a4 Nc6 17.Ba3 Rf7 18.Rfc1 Ne7 19.Rab1 Rb8 20.Bxe7 Rxe7 21.Rc6 Reb7 22.Qc2
Bd7 23.Rc3 g6 24.Qb3 Be8 25.Rbc1 Rd7 26.Bb5 Re7 27.Bxe8 Rxe8 28.Rc6 {#r} 1-0

[Event "Tournament (open)"]
[Site "masterchessopen.com Manage (Belgium)"]
[Date "2008.08.21"]
[Round "7"]
[White "Barbarossa Frederic"]
[Black "De Noose Daniel (BEL)"]
[Result "0-1"]
[WhiteElo "1525"]
[BlackElo "1888"]

1.d4 Nf6 2.c4 e6 3.Nc3 Bb4 4.Qc2 d5 5.a3 Bxc3+ 6.Qxc3 O-O 7.c5 Ne4 8.Qd3 b6
9.b4 bxc5 10.dxc5 Qf6 11.Nh3 Qxa1 12.Qc2 e5 13.f3 Qc3+ 14.Qxc3 Nxc3 15.Bb2 d4
16.Ng5 Na4 17.Bc1 a5 18.Ne4 f5 19.Nd2 axb4 20.axb4 Na6 21.Ba3 Nc3 22.e3 Nxc5
23.Nc4 Nd7 24.b5 Re8 25.Kf2 Nxb5 26.Bb4 Ra4 27.Be1 f4 28.e4 Ra2+ 29.Nd2 Na3
30.g3 Nb6 31.h4 Nb1 32.Ke2 Nxd2 33.Bxd2 Nc4 34.Kd1 Nxd2 35.Rh2 Ra1+ 36.Kxd2
Rxf1 {#R} 0-1

[Event "It (open) (b)"]
[Site "masterchessopen.com Bratto (Italy)"]
[Date "2008.08.24"]
[Round "2"]
[White "Conta Diego (ITA)"]
[Black "Viglino Antonio (ITA)"]
[Result "0-1"]
[WhiteElo "1754"]
[BlackElo "1900"]

1.d4 Nf6 2.c4 e6 3.Nc3 Bb4 4.Qc2 d5 5.a3 Bxc3+ 6.bxc3 b6 7.Bg5 Ba6 8.Qa4+ Qd7
9.Qxd7+ Nbxd7 10.cxd5 exd5 11.f3 O-O 12.e3 Bxf1 13.Kxf1 c5 14.Ne2 Rac8 15.Rc1
Rc6 16.Ke1 h6 17.Bh4 Re8 18.Kd2 b5 19.Rb1 Nb6 20.Bf2 Nc4+ 21.Kd3 Nxa3 22.Ra1
b4 23.dxc5 a5 24.cxb4 axb4 25.Rhc1 Nc4 26.Rab1 Rb8 27.Nc3 Na3 28.Rb3 Rxc5
29.Na2 Nc4 30.Ke2 Rcb5 31.Be1 Nd7 32.Rxb4 Rxb4 33.Nxb4 Nf6 34.Nxd5 Rb2+ 35.Kf1
Nxd5 {#R} 0-1

[Event "It (open)"]
[Site "masterchessopen.com San Marti (Spain)"]
[Date "2008.09.01"]
[Round "1"]
[White "Scalzi Evans Federico (ESP)"]
[Black "Capellades Subirana Marc (ESP)"]
[Result "0-1"]
[WhiteElo "2016"]
[BlackElo "2163"]

1.d4 Nf6 2.c4 e6 3.Nc3 Bb4 4.Qc2 d5 5.a3 Bxc3+ 6.bxc3 Nbd7 7.cxd5 exd5 8.Bg5
O-O 9.e3 c5 10.Bd3 Qa5 11.f3 h6 12.Bf4 Re8 13.Kf2 Nh5 14.Bxh6 gxh6 15.g4 Ng7
16.Ne2 Nf8 17.Rag1 c4 18.Bf5 Qxa3 19.Nf4 Qd6 20.h4 Kh8 21.Rh3 Nfe6 22.Nh5 Nxh5
23.gxh5 Ng7 24.Rxg7 Kxg7 25.Rg3+ Kh8 26.Bh7 Bd7 27.e4 dxe4 28.fxe4 Qf4+ {#R}
0-1

[Event "It (open) \"]
[Site "masterchessopen.com Bucharest (Romania)"]
[Date "2008.09.14"]
[Round "4"]
[White "Grigore George-Gabriel (ROM)"]
[Black "Miroshnichenko Evgenij (UKR)"]
[Result "0-1"]
[WhiteElo "2519"]
[BlackElo "2632"]

1.d4 Nf6 2.c4 e6 3.Nc3 Bb4 4.Qc2 d5 5.a3 Bxc3+ 6.Qxc3 c5 7.dxc5 d4 8.Qc2 e5
9.b4 a5 10.Bb2 axb4 11.axb4 Rxa1+ 12.Bxa1 Nc6 13.Qa4 O-O 14.b5 Na5 15.Nf3 Ne4
16.e3 Nb3 17.Bb2 d3 18.Qxb3 Qa5+ 19.Kd1 Bg4 20.Kc1 d2+ 21.Kb1 Nxc5 {#R} 0-1